| 000 | 00366nam a2200133Ia 4500 | ||
|---|---|---|---|
| 008 | 231017s9999 xx 000 0 und d | ||
| 082 | _a625.85 | ||
| 082 | _bPER | ||
| 245 | 0 | _aSynthesis of Warm Mix Asphalt Paving Strategies for use in Montana Highway Construction | |
| 245 | 0 | _cSteven W. Perkins | |
| 260 | _bSteven W. Perkins | ||
| 300 | _c30cm | ||
| 942 | _cREP | ||
| 999 |
_c604829 _d604829 |
||